Heat and mass transfer (Record no. 4956)

MARC details
000 -LEADER
fixed length control field 00680 a2200205 4500
020 ## - INTERNATIONAL STANDARD BOOK NUMBER
International Standard Book Number 0070606536
Terms of availability 265.00
035 ## - SYSTEM CONTROL NUMBER
System control number B-211493
037 ## - SOURCE OF ACQUISITION
Source of stock number/acquisition RP-SNP-62 / UBH-07-08:6 / RP-07-08:ENG
082 14 - DEWEY DECIMAL CLASSIFICATION NUMBER
Classification number 621.4022
090 ## - LOCALLY ASSIGNED LC-TYPE CALL NUMBER (OCLC); LOCAL CALL NUMBER (OCLC)
-- 5053
-- 5053
100 1# - MAIN ENTRY--PERSONAL NAME
Personal name Nag, P.K.
245 1# - TITLE STATEMENT
Title Heat and mass transfer
Statement of responsibility, etc by P.K. Nag
260 ## - PUBLICATION, DISTRIBUTION, ETC. (IMPRINT)
Place of publication, distribution, etc New Delhi
Name of publisher, distributor, etc Tata McGraw Hill
Date of publication, distribution, etc 2007r
270 ## - ADDRESS
Address 7 West Patel Nagar,
City New Delhi
State or province Delhi
Postal code 110008
300 ## - PHYSICAL DESCRIPTION
Extent xvi, 866 p
Dimensions 23 cm (pbk)
490 ## - SERIES STATEMENT
Series statement Mechanical engineering series
500 ## - GENERAL NOTE
General note includes appendix & index
942 ## - ADDED ENTRY ELEMENTS (KOHA)
Institution code [OBSOLETE] dpl
Koha item type English Books
Call number prefix 621.4022 / NAG
Holdings
Withdrawn status Lost status Source of classification or shelving scheme Damaged status Not for loan Collection code Home library Current library Cost, normal purchase price Total Checkouts Full call number Barcode Date last seen Uniform Resource Identifier Cost, replacement price Price effective from Koha item type
    Dewey Decimal Classification     Non-fiction Sriniwas Puri Sriniwas Puri 265.00   621.4022 NAG B-211493 15/09/2008 5255 265.00 15/09/2008 English Books

© Delhi Public Library
Hit Counter
free hit counter